000 00363nam a2200145Ia 4500
005 20251222141849.0
008 251222s9999||||xx |||||||||||||| ||spa||
020 _a9786124038952
082 _a344/E91
100 _aEsquivel Oviedo, Juan Carlos
245 0 _aCasuĂ­stica de Jurisprudencia Penal
250 _a1ra.ed.
264 _bGaceta JurĂ­dica
942 _cLIB
999 _c7672
_d7672